| 000 | 01346cam a22004094i 4500 | ||
|---|---|---|---|
| 003 | PE-LiUPU | ||
| 005 | 20250731173242.0 | ||
| 008 | 150625s r 000 0 d | ||
| 035 | _a(Sirsi) a35344 | ||
| 040 |
_aPE-LiUPU _bspa _cPE-LiUPU _erda |
||
| 082 | 0 | 4 |
_a253.7 _bT48 _221 |
| 100 | 1 |
_aThomas, William, _eautor. |
|
| 245 | 1 | 3 |
_aAn assessment of mass meetings as a method of evangelism : _bcase study of eurofest 75 and the billy / _cWilliam Thomas. |
| 264 | 1 | _a | |
| 336 |
_atext _2rdacontent |
||
| 337 |
_aunmediated _2rdamedia |
||
| 338 |
_avolume _2rdacarrier |
||
| 526 | _aSEG42 | ||
| 526 | _aSEG41 | ||
| 526 | _aSEG40 | ||
| 526 | _aSEG39 | ||
| 526 | _aP94 | ||
| 526 | _aP87 | ||
| 526 | _aP86 | ||
| 526 | _aP85 | ||
| 526 | _aP77 | ||
| 526 | _aP76 | ||
| 526 | _aP35 | ||
| 600 | 1 | 4 |
_aGraham, Billy, _d1918-2018. |
| 650 | 1 | 4 |
_aEvangelismo _zBélgica _zBruselas _vEstudios de caso. |
| 910 | _a | ||
| 942 |
_2ddc _cBOOK |
||
| 949 |
_a253.7 T48 _wDEWEY _c1 _i17256 _lCCODEBUL1 _mBUL _p00.00 _r0 _sY _tBOOK _u2015-06-25 _xBIBLIOTECA _zUNKNOWN _0COMPRA _o.STAFF. Colección General |
||
| 596 | _a1 | ||
| 999 |
_a253.7 T48 _wDEWEY _c43298 _i17256 _d43298 _e2016-1-10 _f2021-11-12 _g5 _lCCODEBUL1 _mBUL _n1 _r0 _sY _tBOOK _u2015-6-25 _xTEOLOGIA _zUNKNOWN _0COMPRA _o.STAFF. Colección General |
||
| 980 |
_81 _gALBERTO SANCHEZ Responsable de Automatización |
||